000 01678cam a22003617a 4500
001 1786
005 20230929130429.0
020 _a9780545335706
040 _aBTCTA
_beng
_cBTCTA
_dOCP
_dWL8
_dEHH
_dXY4
_dTMI
_dNTE
_dJQF
_dYDXCP
_dDLC
_dFISKH
050 0 0 _aPZ7.V1916
_bJu 2010
082 _aFic
100 1 _aVail, Rachel
245 1 0 _aJustin Case :
_bschool, drool, and other daily disasters /
_cby Rachel Vail ; illustrated by Matthew Cordell.
246 3 0 _aSchool, drool, and other daily disasters
250 _aFirst Scholastic printing, February 2011
260 _aNew York :
_bScholastic,
_c2010
300 _a245 pages :
_billustrations ;
_c20 cm
505 _aM
520 _a"It's the start of the school year, and nothing feels right to Justin. He didn't get the teacher he wanted, he's not in the same class as his best friend, and his little sister, Elizabeth, is starting kindergarten at his school. Elizabeth doesn't seem nervous at all. Justin is very nervous about third grade. And to top it off, he's lost his favorite stuffed animal, but he can't tell anyone, because technically he's too old to still have stuffed animals. Right?"--Publisher.
521 _a790
_bLexile
521 _aM
_bRaz-Plus
650 0 _aThird grade (Education)
_vJuvenile fiction.
650 0 _aSchool children
_vJuvenile fiction.
650 0 _aWorry
_vJuvenile fiction.
650 1 _aWorry
_vFiction.
650 1 _aAnxiety
_vFiction.
650 1 _aFriendship
_vFiction.
650 1 _aDiaries
_vFiction.
655 7 _aRealistic fiction.
_2local
700 1 _aCordell, Matthew
_d1975-
_eillustrator
906 _a7
_bcbc
_ccopycat
_d2
_encip
_f20
_gy-gencatlg
942 _2ddc
_cBK
_n0
999 _c1786
_d1786